Регионална библиотека "Любен Каравелов" - Русе

Канарчета (Запис номер 165039)

MARC детайли
000 -Лидер
Контролно поле с фиксирана дължина 01344nam a2200361 c 4500
003 - Код на организацията, давaща контролен номер
Контролно поле BLK
005 - Дата и час на последна редакция
Контролно поле 20180420234920.0
008 - Елементи от данни с фиксирана дължина
fixed length control field 180410b bul|||||r ||||||| ||bul||
010 ## - Наследен системен номер
LC control number KNG00172609000
040 ## - Източник на каталожния запис
Идентификатор на билиотеката - собственик на записа BLK
041 ## - Код за език
Код за езика на текст/звукозапис или на отделно заглавие Български
Код за езика КДБФ Български
080 ## - УДК
Текстов определител УДК Други домашни птици - Пуйки, фазани, гълъби и др.
УДК код - определител по УДК 636.59
УДК определител (02)
УДК - код + определител 636.59(02)
100 1# - Редна дума - Автор
Автор Грудев, Никола
Авторска отговорност първи автор
R(LIN) 336586
139 ## - Редно поле
Редна дума Грудев, Никола
Авторски знак Гру - Г 88
245 10 - Сведения за заглавието
Заглавие Канарчета
Подзаглавни данни Ръководство
Редно поле (дума) Никола Грудев.
257 ## - Страна на издаване
Страна на създаване/издаване България
260 ## - Област на издателските данни
-- София
Име на издателя, разпространителя и проч. Земиздат
Година на издаване 1987
300 ## - Физическа характеристика
Страници 199 с.
Илюстрации и др. с табл., ил., 4 л. цв. ил.
Размери/Мащаб 20 см
380 ## - Жанр
Жанр Селско стопанство
490 1# - СЕРИИ (Колекции)
Име на серия Поредица Любител
500 ## - Общи забележки
Забележка Библиогр. с. 194-195.
650 #4 - Допълнително описание по предмет – тема
Основно описание – тема или топоним Птици, декоративни - отглеждане и болести
9 (RLIN) 253612
650 #4 - Допълнително описание по предмет – тема
Основно описание – тема или топоним Птици, пойни - наръчници и ръководства
9 (RLIN) 279963
653 ## - Ключова дума – ненормативна
Ключова дума декоративни птици
653 ## - Ключова дума – ненормативна
Ключова дума пойни птици
653 ## - Ключова дума – ненормативна
Ключова дума канарчета
653 ## - Ключова дума – ненормативна
Ключова дума ръководства
852 ## - Местоположение
Форматна сигнатура Цб 147214
856 4# - Електронен адрес и достъп
Електронен формат pdf - файл
Път до файла /url/
856 4# - Електронен адрес и достъп
Електронен формат pdf - файл
Път до файла /url/
942 ## - АРТИКУЛИ
Вид на библиотечния материал Книги
Скрит в OPAC Не
944 ## - СЪЗДАВАНЕ И РЕДАКЦИЯ на ЗАПИСА
Създаване/Редакция Създаване
Дата на регистрацията/редакция 07.03.2015
Служител, извършил регистрацията/редакцията Милена_Ачева
944 ## - СЪЗДАВАНЕ И РЕДАКЦИЯ на ЗАПИСА
Създаване/Редакция Редакция
Дата на регистрацията/редакция 07.03.2015
Служител, извършил регистрацията/редакцията Милена_Ачева
999 ## - СИСТЕМНИ КОНТРОЛНИ НОМЕРА
Koha biblionumber 165039
Koha biblioitemnumber 165039
Наличности
Код за отписване Код за изгубен артикул Източник на класификационната схема Код за повреда Коз за рестрикции Код за отдаване Артикулен № Име на библиотеката - собственик Име на библиотеката, в която се намира в момента Статус (Текущо местоположение) Дата на вписване в системата Местоположение - отдел Цена в лева Инвентарен номер Систематично азбучна сигнатура Баркод Номер на екземпляра Цена в евро Служебна бележка Служебен тип на артикула
  Не е изгубен Universal Decimal Classification Не е повреден без рестрикции ползва се в читалня 278142 Регионална библиотека "Любен Каравелов" Русе Регионална библиотека "Любен Каравелов" Русе Хранилище 1987-01-01 Хранилище 1.77 475665 Цб 147214 120000475665 1 0.90 Дост: Dp Вид: Д N: стар фнд Дата: 01.01.1987 Книги
Изтеглен Не е изгубен Universal Decimal Classification Не е повреден без рестрикции заемане за дома 278143 Регионална библиотека "Любен Каравелов" Русе Регионална библиотека "Любен Каравелов" Русе Детски отдел 1987-01-01 Детски отдел 1.77 477162 ДН 63/Г 88 477162 2 0.90 Вид: Сф N: стар фонд Дата: 01.01.1987 Дата инв: 20.08.2015 Бележки инв: Д2015 Книги
Изтеглен Не е изгубен Universal Decimal Classification Не е повреден без рестрикции заемане за дома 278144 Регионална библиотека "Любен Каравелов" Русе Регионална библиотека "Любен Каравелов" Русе Заемна - подръчен фонд 1987-01-01 Заемна - подръчен фонд 1.77 477158 П 636.5/Г 88 477158 3 0.90 Вид: Сф N: стар фонд Дата: 01.01.1987 Книги
Изтеглен Не е изгубен Universal Decimal Classification Не е повреден без рестрикции заемане за дома 278145 Регионална библиотека "Любен Каравелов" Русе Регионална библиотека "Любен Каравелов" Русе Заемна - подръчен фонд 1987-01-01 Заемна - подръчен фонд 1.77 478368 П 636.5/Г 88 478368 4 0.90 Вид: Сф N: стар фонд Дата: 01.01.1987 Книги
Изтеглен Не е изгубен Universal Decimal Classification Не е повреден без рестрикции заемане за дома 278146 Регионална библиотека "Любен Каравелов" Русе Регионална библиотека "Любен Каравелов" Русе Заемна - подръчен фонд 1987-01-01 Заемна - подръчен фонд 1.77 478369 П 636.5/Г 88 478369 5 0.90 Вид: Сф N: стар фонд Дата: 01.01.1987 Книги
Vip Innovations Ltd, Rousse, Bulgaria 2025